[Event "Titled Tuesday intern op 21st Dec"]
[Site "Chess.com INT"]
[Date "2021.12.21"]
[Round "8"]
[White "Karpov, Vadim"]
[Black "Langner, Ladislav"]
[Result "1-0"]
[WhiteElo "2345"]
[BlackElo "2370"]
[PlyCount "53"]
[EventDate "2021.12.21"]
[EventType "swiss (blitz)"]
[EventRounds "11"]
[EventCountry "USA"]
[SourceTitle "CBM 205 Extra"]
[Source "ChessBase"]
[SourceDate "2022.01.31"]
[SourceVersion "1"]
[SourceVersionDate "2022.01.31"]
[SourceQuality "1"]

1. Nf3 Nf6 2. c4 g6 3. Nc3 d5 4. g3 dxc4 5. Qa4+ Nfd7 6. Qxc4 Nb6 7. Qh4 e6 8. Qxd8+ Kxd8 9. d3 Bg7 10. Bg2 Nc6 11. Bg5+ f6 12. Bd2 e5 13. O-O Be6 14. Rfc1 Bf8 15. Be3 Bd6 16. Nd2 Rb8 17. Nde4 Ke7 18. Nc5 Rhc8 19. Nxb7 Rxb7 20. Bxc6 Rbb8 21. Bf3 c6 22. Ne4 Bd5 23. Nxd6 Kxd6 24. Bc5+ Ke6 25. e4 Na4 26. exd5+ cxd5 27. Ba3 1-0

[Event "Titled Tuesday intern op 21st Dec"]
[Site "Chess.com INT"]
[Date "2021.12.21"]
[Round "8"]
[White "Kekic, Armin"]
[Black "Van den Dikkenberg, Erik"]
[Result "1/2-1/2"]
[WhiteElo "2164"]
[BlackElo "2158"]
[PlyCount "126"]
[EventDate "2021.12.21"]
[EventType "swiss (blitz)"]
[EventRounds "11"]
[EventCountry "USA"]
[SourceTitle "CBM 205 Extra"]
[Source "ChessBase"]
[SourceDate "2022.01.31"]
[SourceVersion "1"]
[SourceVersionDate "2022.01.31"]
[SourceQuality "1"]

1. e4 c5 2. Nf3 d6 3. d4 cxd4 4. Nxd4 Nf6 5. Nc3 a6 6. g3 e5 7. Nb3 Be7 8. Bg2 O-O 9. O-O b5 10. a4 b4 11. Nd5 a5 12. c3 Nc6 13. cxb4 Nxb4 14. Nxb4 axb4 15. Bd2 Be6 16. Nc1 Qb6 17. Be3 Qb7 18. Qd3 Rfc8 19. b3 d5 20. exd5 Bxd5 21. Bxd5 Qxd5 22. Rd1 Qe6 23. Ne2 Ng4 24. Qd5 Nxe3 25. Qxe6 fxe6 26. fxe3 Rc2 27. Re1 Bc5 28. Nc1 Rc3 29. Kg2 Bxe3 30. Ne2 Rxb3 31. a5 Ra3 32. Kf3 Bd2+ 33. Rxa3 bxa3 34. Ra1 Rxa5 35. Ke4 a2 36. Kd3 Be1 37. Nc1 Bf2 38. Rxa2 Rxa2 39. Nxa2 Bg1 40. h3 Bf2 41. g4 g6 42. Nc3 Bg3 43. Ne4 Bf4 44. Kc4 Kg7 45. Kc5 h5 46. Kd6 hxg4 47. hxg4 Kf7 48. Kd7 Kg7 49. Kd6 Kf8 50. Kxe6 Ke8 51. Kf6 g5 52. Ke6 Kd8 53. Kf5 Kd7 54. Nf6+ Kc6 55. Ne4 Kd5 56. Nf6+ Kd4 57. Ne4 Ke3 58. Nf6 Kf3 59. Ne4 Be3 60. Nf6 Bf4 61. Ne4 Ke3 62. Nd6 Kd4 63. Ne4 Ke3 1/2-1/2

[Event "Titled Tuesday intern op 21st Dec"]
[Site "Chess.com INT"]
[Date "2021.12.21"]
[Round "8"]
[White "Krishnan, Varun"]
[Black "Postny, Evgeny"]
[Result "0-1"]
[WhiteElo "2228"]
[BlackElo "2557"]
[PlyCount "80"]
[EventDate "2021.12.21"]
[EventType "swiss (blitz)"]
[EventRounds "11"]
[EventCountry "USA"]
[SourceTitle "CBM 205 Extra"]
[Source "ChessBase"]
[SourceDate "2022.01.31"]
[SourceVersion "1"]
[SourceVersionDate "2022.01.31"]
[SourceQuality "1"]

1. e4 c5 2. Nf3 g6 3. d4 Bg7 4. c4 d6 5. Nc3 Bg4 6. d5 Nf6 7. Be2 O-O 8. O-O Na6 9. a3 Nd7 10. Bd2 Rb8 11. Rb1 Re8 12. Qc2 e6 13. Rfe1 Bxf3 14. Bxf3 Nc7 15. b4 b6 16. g3 Bd4 17. Ne2 Bg7 18. Bg2 exd5 19. exd5 Ne5 20. Nf4 cxb4 21. axb4 Rc8 22. Nd3 Qd7 23. c5 dxc5 24. Nxe5 Bxe5 25. bxc5 Nxd5 26. Qd3 Nf6 27. Qxd7 Nxd7 28. c6 Nc5 29. Be3 Bd6 30. Red1 Bf8 31. Bxc5 Bxc5 32. Rd7 a5 33. Bd5 Re7 34. Rd1 Kf8 35. h4 Rc7 36. Rd8+ Kg7 37. Ra1 Re2 38. Rf1 Rd2 39. Bg2 Rxd8 40. h5 gxh5 0-1

[Event "Titled Tuesday intern op 21st Dec"]
[Site "Chess.com INT"]
[Date "2021.12.21"]
[Round "8"]
[White "Lauridsen, Jesper Morck"]
[Black "Buchenau, Frank"]
[Result "0-1"]
[WhiteElo "2215"]
[BlackElo "2265"]
[PlyCount "60"]
[EventDate "2021.12.21"]
[EventType "swiss (blitz)"]
[EventRounds "11"]
[EventCountry "USA"]
[SourceTitle "CBM 205 Extra"]
[Source "ChessBase"]
[SourceDate "2022.01.31"]
[SourceVersion "1"]
[SourceVersionDate "2022.01.31"]
[SourceQuality "1"]

1. d4 e6 2. e3 Nf6 3. Nf3 b6 4. b3 Bb7 5. Bb2 g6 6. a4 a5 7. Nbd2 Bg7 8. Bd3 O-O 9. e4 d5 10. e5 Ne4 11. Qe2 Nxd2 12. Qxd2 c5 13. dxc5 bxc5 14. h4 Nc6 15. h5 Qc7 16. hxg6 hxg6 17. Qg5 d4 18. Qh4 Rfe8 19. O-O-O Nxe5 20. Qh7+ Kf8 21. Ng5 Nxd3+ 22. Rxd3 Qf4+ 23. Kb1 Qxg5 24. Bc1 Qxg2 25. Re1 Be4 26. Rdd1 Bf5 27. Bh6 Bxh6 28. Qxh6+ Ke7 29. Qf4 Qd5 30. Re5 Qxb3+ 0-1

[Event "Titled Tuesday intern op 21st Dec"]
[Site "Chess.com INT"]
[Date "2021.12.21"]
[Round "8"]
[White "Ljukin, Sergei"]
[Black "Chernov, Alexander A"]
[Result "0-1"]
[WhiteElo "2362"]
[BlackElo "2314"]
[PlyCount "42"]
[EventDate "2021.12.21"]
[EventType "swiss (blitz)"]
[EventRounds "11"]
[EventCountry "USA"]
[SourceTitle "CBM 205 Extra"]
[Source "ChessBase"]
[SourceDate "2022.01.31"]
[SourceVersion "1"]
[SourceVersionDate "2022.01.31"]
[SourceQuality "1"]

1. e4 e5 2. Nf3 Nc6 3. Bb5 Bc5 4. c3 Nf6 5. d4 Bb6 6. d5 Ne7 7. Nxe5 Nxe4 8. Qf3 Nf6 9. Bg5 Nexd5 10. Bc4 d6 11. Bxd5 dxe5 12. Bxb7 Bxb7 13. Qxb7 O-O 14. O-O Qd3 15. Na3 Ne4 16. Bh4 g5 17. Rad1 Qe2 18. Rde1 Qxb2 19. Nc4 Bxf2+ 20. Bxf2 Qxb7 21. Rxe4 Qxe4 0-1

[Event "Titled Tuesday intern op 21st Dec"]
[Site "Chess.com INT"]
[Date "2021.12.21"]
[Round "8"]
[White "Marcziter, Dmitrii"]
[Black "Findlay, Ian T"]
[Result "1-0"]
[WhiteElo "2264"]
[BlackElo "2156"]
[PlyCount "57"]
[EventDate "2021.12.21"]
[EventType "swiss (blitz)"]
[EventRounds "11"]
[EventCountry "USA"]
[SourceTitle "CBM 205 Extra"]
[Source "ChessBase"]
[SourceDate "2022.01.31"]
[SourceVersion "1"]
[SourceVersionDate "2022.01.31"]
[SourceQuality "1"]

1. e4 c5 2. Nc3 Nc6 3. g3 g6 4. Bg2 Bg7 5. d3 d6 6. Be3 e6 7. Qd2 Rb8 8. Nge2 Nd4 9. Nd1 Ne7 10. c3 Nxe2 11. Qxe2 b6 12. d4 O-O 13. O-O Bb7 14. Qd2 cxd4 15. Bxd4 Nc6 16. Bxg7 Kxg7 17. c4 Qe7 18. Nc3 Rfd8 19. Rfe1 Rbc8 20. b3 a6 21. Rad1 Qc7 22. h3 Kg8 23. Re3 Na5 24. Rd3 Rd7 25. Rxd6 Rxd6 26. Qxd6 Qxd6 27. Rxd6 b5 28. cxb5 Rxc3 29. bxa6 1-0

[Event "Titled Tuesday intern op 21st Dec"]
[Site "Chess.com INT"]
[Date "2021.12.21"]
[Round "8"]
[White "Martin, Lewis"]
[Black "Stankovic, Ivan G"]
[Result "0-1"]
[WhiteElo "2196"]
[BlackElo "2255"]
[PlyCount "76"]
[EventDate "2021.12.21"]
[EventType "swiss (blitz)"]
[EventRounds "11"]
[EventCountry "USA"]
[SourceTitle "CBM 205 Extra"]
[Source "ChessBase"]
[SourceDate "2022.01.31"]
[SourceVersion "1"]
[SourceVersionDate "2022.01.31"]
[SourceQuality "1"]

1. e4 c5 2. Nf3 Nc6 3. d4 cxd4 4. Nxd4 g6 5. Nc3 Bg7 6. Be3 Nf6 7. Be2 O-O 8. Nb3 a5 9. a3 a4 10. Nd2 d5 11. exd5 Nxd5 12. Nxd5 Qxd5 13. c3 Qxg2 14. Bf3 Qh3 15. Qe2 Ne5 16. Bd5 Bg4 17. f3 Bf5 18. Be4 Bxe4 19. fxe4 Rfd8 20. O-O-O Rac8 21. Kb1 Ng4 22. Bg5 Qd3+ 23. Qxd3 Rxd3 24. Nc4 Rxd1+ 25. Rxd1 f6 26. Nb6 Rc6 27. Rd8+ Kf7 28. Nxa4 fxg5 29. Rb8 Rc7 30. Nb6 e6 31. a4 Nxh2 32. a5 g4 33. Rd8 g3 34. Rd1 Bh6 35. Rg1 Bf4 36. Na4 Nf3 37. Rg2 Nh4 38. Rg1 g2 0-1

[Event "Titled Tuesday intern op 21st Dec"]
[Site "Chess.com INT"]
[Date "2021.12.21"]
[Round "8"]
[White "Matveeva, Olga"]
[Black "Tzoumbas, Anastasios"]
[Result "0-1"]
[WhiteElo "2171"]
[BlackElo "2287"]
[PlyCount "42"]
[EventDate "2021.12.21"]
[EventType "swiss (blitz)"]
[EventRounds "11"]
[EventCountry "USA"]
[SourceTitle "CBM 205 Extra"]
[Source "ChessBase"]
[SourceDate "2022.01.31"]
[SourceVersion "1"]
[SourceVersionDate "2022.01.31"]
[SourceQuality "1"]

1. d4 Nf6 2. c4 e6 3. g3 b5 4. cxb5 c6 5. bxc6 Nxc6 6. Nf3 Qb6 7. Bg2 Bb4+ 8. Nc3 Ne4 9. Qc2 f5 10. e3 Ba6 11. Bd2 Nxd2 12. Nxd2 O-O 13. a3 Be7 14. d5 Ne5 15. Bf1 Rfc8 16. Rd1 Rab8 17. Bxa6 Qxa6 18. Qa4 Nd3+ 19. Kf1 Qb7 20. Kg2 Nxb2 21. Qd4 Bf6 0-1

[Event "Titled Tuesday intern op 21st Dec"]
[Site "Chess.com INT"]
[Date "2021.12.21"]
[Round "8"]
[White "Merriman, John"]
[Black "Redzisz, Michal"]
[Result "0-1"]
[WhiteElo "2261"]
[BlackElo "2261"]
[PlyCount "110"]
[EventDate "2021.12.21"]
[EventType "swiss (blitz)"]
[EventRounds "11"]
[EventCountry "USA"]
[SourceTitle "CBM 205 Extra"]
[Source "ChessBase"]
[SourceDate "2022.01.31"]
[SourceVersion "1"]
[SourceVersionDate "2022.01.31"]
[SourceQuality "1"]

1. d4 Nf6 2. c4 e6 3. Nc3 c5 4. d5 exd5 5. cxd5 d6 6. e4 g6 7. Nge2 Bg7 8. Ng3 h5 9. Be2 h4 10. Nf1 Qe7 11. f3 a6 12. a4 Nbd7 13. Bg5 Rh5 14. Be3 Kf8 15. Nd2 Nb6 16. a5 Nbxd5 17. Bf2 Nxc3 18. bxc3 d5 19. O-O Kg8 20. Nb3 dxe4 21. fxe4 Re5 22. Bxh4 Rxe4 23. Bxf6 Bxf6 24. Bf3 Re3 25. Bd5 Be6 26. Bxe6 Rxe6 27. Qf3 Re8 28. Rab1 Kg7 29. Nd2 Re3 30. Qxb7 Bxc3 31. Nc4 Qxb7 32. Rxb7 R3e7 33. Rb6 Bd4+ 34. Kh1 Re1 35. Rb1 Rxf1+ 36. Rxf1 Rb8 37. Nb6 Bc3 38. Nc4 Rb4 39. Nd6 f5 40. g3 Ra4 41. Nb7 Bxa5 42. Nxc5 Ra2 43. Nxa6 Bd8 44. Nc5 Bf6 45. Ne6+ Kh6 46. Nf4 g5 47. Ng2 Kg6 48. h4 Bd4 49. Kh2 gxh4 50. gxh4 Be5+ 51. Kh3 Ra3+ 52. Ne3 Rxe3+ 53. Kg2 Rg3+ 54. Kh1 Rg4 55. Rg1 Kh5 0-1

[Event "Titled Tuesday intern op 21st Dec"]
[Site "Chess.com INT"]
[Date "2021.12.21"]
[Round "8"]
[White "Mkrtchian, Lilit"]
[Black "Buscar, Michael"]
[Result "1-0"]
[WhiteElo "2378"]
[BlackElo "2088"]
[PlyCount "33"]
[EventDate "2021.12.21"]
[EventType "swiss (blitz)"]
[EventRounds "11"]
[EventCountry "USA"]
[SourceTitle "CBM 205 Extra"]
[Source "ChessBase"]
[SourceDate "2022.01.31"]
[SourceVersion "1"]
[SourceVersionDate "2022.01.31"]
[SourceQuality "1"]

1. e4 c5 2. Nc3 g6 3. d4 cxd4 4. Qxd4 Nf6 5. Nf3 Bg7 6. e5 Ng8 7. Bf4 Nc6 8. Qd2 Qb6 9. O-O-O h5 10. Nd5 Qd8 11. e6 d6 12. exf7+ Kxf7 13. Ng5+ Kf8 14. Bc4 Nf6 15. Rhe1 Nxd5 16. Qxd5 Qe8 17. Bxd6 1-0

[Event "Titled Tuesday intern op 21st Dec"]
[Site "Chess.com INT"]
[Date "2021.12.21"]
[Round "8"]
[White "Munoz Galvez, Jhon Edison"]
[Black "Kalashian, David"]
[Result "1/2-1/2"]
[WhiteElo "2276"]
[BlackElo "2398"]
[PlyCount "102"]
[EventDate "2021.12.21"]
[EventType "swiss (blitz)"]
[EventRounds "11"]
[EventCountry "USA"]
[SourceTitle "CBM 205 Extra"]
[Source "ChessBase"]
[SourceDate "2022.01.31"]
[SourceVersion "1"]
[SourceVersionDate "2022.01.31"]
[SourceQuality "1"]

1. d4 Nf6 2. c4 e6 3. Nc3 Bb4 4. e3 c5 5. Nge2 cxd4 6. exd4 O-O 7. a3 Be7 8. Ng3 b6 9. Bd3 Bb7 10. O-O d5 11. Re1 dxc4 12. Bxc4 Nbd7 13. Qd3 Rc8 14. Bd2 Re8 15. Rad1 Nf8 16. Ba2 Ng6 17. Bc1 Bd6 18. Nge4 Nxe4 19. Nxe4 Bf8 20. g3 Bd5 21. Bxd5 Qxd5 22. Nc3 Qd7 23. d5 exd5 24. Rxe8 Rxe8 25. Nxd5 Qg4 26. Ne3 Qf3 27. Qd5 Qf6 28. Kg2 h6 29. h4 Bc5 30. Ng4 Qe7 31. b4 Qe4+ 32. Qxe4 Rxe4 33. Nxh6+ gxh6 34. bxc5 bxc5 35. Bxh6 Ra4 36. h5 Ne5 37. Rd8+ Kh7 38. Bf4 Ng4 39. Rd7 Kg8 40. f3 Nf6 41. Rc7 Nxh5 42. Be5 Rxa3 43. Rxc5 Ng7 44. g4 Ne6 45. Rc8+ Kh7 46. Kg3 Ng5 47. Rh8+ Kg6 48. Rg8+ Kh6 49. Rh8+ Kg6 50. Rg8+ Kh6 51. Rh8+ Kg6 1/2-1/2

[Event "Titled Tuesday intern op 21st Dec"]
[Site "Chess.com INT"]
[Date "2021.12.21"]
[Round "8"]
[White "Muromtsev, Arthur"]
[Black "Dolzhikova, Kateryna"]
[Result "0-1"]
[WhiteElo "2129"]
[BlackElo "2161"]
[PlyCount "96"]
[EventDate "2021.12.21"]
[EventType "swiss (blitz)"]
[EventRounds "11"]
[EventCountry "USA"]
[SourceTitle "CBM 205 Extra"]
[Source "ChessBase"]
[SourceDate "2022.01.31"]
[SourceVersion "1"]
[SourceVersionDate "2022.01.31"]
[SourceQuality "1"]

1. e4 c5 2. b3 Nc6 3. Bb2 e5 4. Bb5 d6 5. Bxc6+ bxc6 6. Ne2 Ne7 7. O-O g6 8. f4 Bg7 9. Na3 O-O 10. fxe5 dxe5 11. Nc4 Qc7 12. d3 Be6 13. Qe1 Bxc4 14. bxc4 f5 15. Bc3 fxe4 16. dxe4 Rxf1+ 17. Qxf1 Rf8 18. Qe1 Nc8 19. Kh1 Nd6 20. Ng1 Nxc4 21. Nf3 Re8 22. Rd1 Nd6 23. Qe3 c4 24. Bb4 Nb5 25. a4 Nd4 26. Ng5 Nxc2 27. Qc3 Nxb4 28. Qxc4+ Kh8 29. Nf7+ Kg8 30. Nd6+ Kf8 31. Nxe8 Kxe8 32. Qg8+ Bf8 33. Qe6+ Be7 34. Qg8+ Bf8 35. Qe6+ Be7 36. Rf1 Qd6 37. Qc8+ Bd8 38. Qb7 Qe7 39. Qc8 Nd3 40. Qh3 Nf4 41. Qb3 Qe6 42. Qc2 Bb6 43. g3 Nh3 44. Qe2 Nf2+ 45. Kg2 Qh3+ 46. Kf3 Qg4+ 47. Kg2 Qxe2 48. g4 Qxg4# 0-1

[Event "Titled Tuesday intern op 21st Dec"]
[Site "Chess.com INT"]
[Date "2021.12.21"]
[Round "8"]
[White "Nechaeva, Marina"]
[Black "Karttunen, Mika"]
[Result "1/2-1/2"]
[WhiteElo "2384"]
[BlackElo "2484"]
[PlyCount "105"]
[EventDate "2021.12.21"]
[EventType "swiss (blitz)"]
[EventRounds "11"]
[EventCountry "USA"]
[SourceTitle "CBM 205 Extra"]
[Source "ChessBase"]
[SourceDate "2022.01.31"]
[SourceVersion "1"]
[SourceVersionDate "2022.01.31"]
[SourceQuality "1"]

1. d4 Nf6 2. c4 g6 3. Nf3 Bg7 4. g3 O-O 5. Bg2 d5 6. cxd5 Nxd5 7. O-O Nb6 8. Nc3 Nc6 9. d5 Na5 10. e4 Nac4 11. Qe2 c6 12. Rd1 Qe8 13. Bf4 Bg4 14. Rac1 Ne5 15. b3 Rc8 16. Qe3 Nxf3+ 17. Bxf3 Bxf3 18. Qxf3 cxd5 19. Nxd5 Nxd5 20. exd5 Qd7 21. Be3 Rxc1 22. Rxc1 b6 23. Qe4 Rd8 24. Bf4 Bf8 25. Rc7 Qxd5 26. Qxd5 Rxd5 27. Rxa7 e5 28. Be3 b5 29. Ra8 Kg7 30. a4 bxa4 31. bxa4 Bb4 32. Bb6 Bc5 33. a5 Bxb6 34. axb6 Rb5 35. Rb8 e4 36. Kf1 Rb2 37. Ke1 f5 38. h4 Kh6 39. Rb7 Rb1+ 40. Ke2 Rb2+ 41. Ke3 Rb3+ 42. Kd4 Rf3 43. Rc7 Rxf2 44. b7 Rb2 45. Kc5 e3 46. Kc6 e2 47. Re7 Rc2+ 48. Kd7 Rb2 49. Kc8 Rc2+ 50. Kd8 Rb2 51. Kc8 Rc2+ 52. Kd8 Rb2 53. Kc8 1/2-1/2

[Event "Titled Tuesday intern op 21st Dec"]
[Site "Chess.com INT"]
[Date "2021.12.21"]
[Round "8"]
[White "Nikulina, Alena"]
[Black "Novikova, Galina"]
[Result "0-1"]
[WhiteElo "1923"]
[BlackElo "2073"]
[PlyCount "56"]
[EventDate "2021.12.21"]
[EventType "swiss (blitz)"]
[EventRounds "11"]
[EventCountry "USA"]
[SourceTitle "CBM 205 Extra"]
[Source "ChessBase"]
[SourceDate "2022.01.31"]
[SourceVersion "1"]
[SourceVersionDate "2022.01.31"]
[SourceQuality "1"]

1. e4 e6 2. d4 d5 3. exd5 exd5 4. c4 Nf6 5. Nc3 Be7 6. Nf3 O-O 7. Bd3 Bg4 8. O-O c6 9. Be3 Nbd7 10. h3 Bh5 11. g4 Bg6 12. Ne5 dxc4 13. Bxc4 Nb6 14. Bb3 Nbd5 15. Qd2 Bb4 16. a3 Ba5 17. f4 Ne4 18. Qc1 Nexc3 19. bxc3 Bxc3 20. Bd2 Bxd4+ 21. Kg2 Bxa1 22. Qxa1 Be4+ 23. Kf2 Qh4+ 24. Ke2 Qxh3 25. Bxd5 cxd5 26. Rf2 Rac8 27. g5 Qh5+ 28. Kf1 Qh1+ 0-1

[Event "Titled Tuesday intern op 21st Dec"]
[Site "Chess.com INT"]
[Date "2021.12.21"]
[Round "8"]
[White "Osmak, Iulija"]
[Black "Qashashvili, Alexandre"]
[Result "1/2-1/2"]
[WhiteElo "2419"]
[BlackElo "2505"]
[PlyCount "176"]
[EventDate "2021.12.21"]
[EventType "swiss (blitz)"]
[EventRounds "11"]
[EventCountry "USA"]
[SourceTitle "CBM 205 Extra"]
[Source "ChessBase"]
[SourceDate "2022.01.31"]
[SourceVersion "1"]
[SourceVersionDate "2022.01.31"]
[SourceQuality "1"]

1. b4 d5 2. Bb2 Nf6 3. e3 Bf5 4. Nf3 e6 5. b5 c6 6. a4 a6 7. c4 axb5 8. axb5 Rxa1 9. Bxa1 Be7 10. Nc3 O-O 11. Be2 Nbd7 12. bxc6 bxc6 13. O-O Ne4 14. d3 Nxc3 15. Bxc3 Bf6 16. Bxf6 Nxf6 17. d4 Bg4 18. c5 Bxf3 19. Bxf3 Qc7 20. Qa4 Rb8 21. g3 g6 22. Ra1 Qb7 23. Qa6 Kf8 24. Qxb7 Rxb7 25. Ra6 Rc7 26. Bd1 Ng8 27. Ra8+ Kg7 28. Ba4 Ne7 29. f4 f5 30. Kf2 Kf7 31. Kf3 Ng8 32. Ra6 Ne7 33. g4 Kg7 34. h3 Kf7 35. g5 Kg7 36. h4 Kf7 37. Ke2 Ke8 38. Kd3 Kd7 39. Ra8 Rc8 40. Ra7+ Rc7 41. Ra8 Rc8 42. Ra6 Rc7 43. Kc3 Rb7 44. Ra8 Nc8 45. Bxc6+ Kxc6 46. Rxc8+ Kd7 47. Rh8 Kc6 48. Re8 Kd7 49. c6+ Kxc6 50. Rxe6+ Kd7 51. Rf6 Ke7 52. Ra6 Rc7+ 53. Kb4 Kd7 54. Kb5 Rc3 55. Ra7+ Ke6 56. Rxh7 Rxe3 57. Rg7 Re4 58. Rxg6+ Ke7 59. h5 Rxf4 60. h6 Rh4 61. Kc5 f4 62. Kxd5 f3 63. Rf6 Rh5 64. Rf5 f2 65. Ke4 Rxg5 66. Rxf2 Rh5 67. Ra2 Rxh6 68. Ra7+ Kd8 69. Kd5 Rh1 70. Kc6 Rh6+ 71. Kc5 Rh1 72. d5 Rh6 73. Rb7 Kc8 74. Ra7 Kd8 75. d6 Rh1 76. Ra8+ Kd7 77. Ra7+ Kd8 78. Kc6 Rc1+ 79. Kd5 Re1 80. Ra8+ Kd7 81. Ra7+ Kc8 82. Kc6 Rc1+ 83. Kd5 Kd8 84. Ke6 Re1+ 85. Kd5 Kc8 86. Re7 Rxe7 87. dxe7 Kd7 88. e8=Q+ Kxe8 1/2-1/2

[Event "Titled Tuesday intern op 21st Dec"]
[Site "Chess.com INT"]
[Date "2021.12.21"]
[Round "8"]
[White "Perez, Flavio"]
[Black "Serikbay, Assel"]
[Result "1-0"]
[WhiteElo "2272"]
[BlackElo "2263"]
[PlyCount "27"]
[EventDate "2021.12.21"]
[EventType "swiss (blitz)"]
[EventRounds "11"]
[EventCountry "USA"]
[SourceTitle "CBM 205 Extra"]
[Source "ChessBase"]
[SourceDate "2022.01.31"]
[SourceVersion "1"]
[SourceVersionDate "2022.01.31"]
[SourceQuality "1"]

1. e4 c5 2. Nc3 e6 3. g3 Nc6 4. Bg2 g6 5. d3 Bg7 6. Be3 d6 7. Qd2 Nge7 8. Bh6 O-O 9. h4 f5 10. h5 Qe8 11. Bxg7 Kxg7 12. Nb5 gxh5 13. Nc7 Kg6 14. Nxe8 1-0

[Event "Titled Tuesday intern op 21st Dec"]
[Site "Chess.com INT"]
[Date "2021.12.21"]
[Round "8"]
[White "Petrova, Irina"]
[Black "Baches Garcia, Guillermo"]
[Result "1/2-1/2"]
[WhiteElo "2141"]
[BlackElo "2329"]
[PlyCount "78"]
[EventDate "2021.12.21"]
[EventType "swiss (blitz)"]
[EventRounds "11"]
[EventCountry "USA"]
[SourceTitle "CBM 205 Extra"]
[Source "ChessBase"]
[SourceDate "2022.01.31"]
[SourceVersion "1"]
[SourceVersionDate "2022.01.31"]
[SourceQuality "1"]

1. e4 c5 2. Nf3 d6 3. Bb5+ Bd7 4. Bxd7+ Qxd7 5. O-O Nf6 6. Re1 Nc6 7. c3 e6 8. d4 cxd4 9. cxd4 d5 10. e5 Ne4 11. Nbd2 Nxd2 12. Bxd2 Bb4 13. Rc1 Bxd2 14. Qxd2 O-O 15. h4 Rac8 16. h5 h6 17. Rc3 Rc7 18. Nh2 Ne7 19. Rf3 Rfc8 20. g4 Rc4 21. Qf4 Qe8 22. Re2 Rc1+ 23. Kg2 Rd1 24. Nf1 Rc4 25. Rd2 Rxd2 26. Nxd2 Rc2 27. Rb3 b6 28. Nf3 Qc6 29. Ne1 Rc1 30. Rf3 Rxe1 31. Qxf7+ Kh7 32. Qxe7 Qc1 33. Rg3 Rg1+ 34. Kh2 Rh1+ 35. Kg2 Qf1+ 36. Kf3 Qd3+ 37. Kg2 Qf1+ 38. Kf3 Qd3+ 39. Kg2 Qf1+ 1/2-1/2

[Event "Titled Tuesday intern op 21st Dec"]
[Site "Chess.com INT"]
[Date "2021.12.21"]
[Round "8"]
[White "Punin, Andrii"]
[Black "Rodchenkov, Vitaly"]
[Result "0-1"]
[WhiteElo "2289"]
[BlackElo "2330"]
[PlyCount "78"]
[EventDate "2021.12.21"]
[EventType "swiss (blitz)"]
[EventRounds "11"]
[EventCountry "USA"]
[SourceTitle "CBM 205 Extra"]
[Source "ChessBase"]
[SourceDate "2022.01.31"]
[SourceVersion "1"]
[SourceVersionDate "2022.01.31"]
[SourceQuality "1"]

1. e4 c5 2. Be2 Nc6 3. f4 e6 4. Nf3 d5 5. d3 Nf6 6. e5 Nd7 7. c3 Be7 8. d4 O-O 9. O-O a5 10. a4 cxd4 11. cxd4 Nb4 12. Nc3 Nb8 13. Ne1 N8c6 14. Be3 f6 15. Nc2 fxe5 16. fxe5 Bd7 17. Nxb4 Nxb4 18. Rxf8+ Qxf8 19. g4 Be8 20. Qd2 Bg6 21. Rf1 Qd8 22. g5 Qb6 23. h4 Rf8 24. Rxf8+ Bxf8 25. h5 Bf5 26. Bb5 Qc7 27. Qh2 Be7 28. Bf2 Bxg5 29. h6 gxh6 30. Qh5 Qf7 31. Qh2 Qg6 32. Kf1 Bd3+ 33. Bxd3 Qxd3+ 34. Kg2 Nc2 35. Qh5 Qg6 36. Qe2 Be3+ 37. Kh1 Bxd4 38. Bh4 Ne3 39. Bf6 Nf5 0-1

[Event "Titled Tuesday intern op 21st Dec"]
[Site "Chess.com INT"]
[Date "2021.12.21"]
[Round "8"]
[White "Rasulov, Vugar Ural Oglu"]
[Black "Mirzoev, Azer"]
[Result "1-0"]
[WhiteElo "2453"]
[BlackElo "2420"]
[PlyCount "93"]
[EventDate "2021.12.21"]
[EventType "swiss (blitz)"]
[EventRounds "11"]
[EventCountry "USA"]
[SourceTitle "CBM 205 Extra"]
[Source "ChessBase"]
[SourceDate "2022.01.31"]
[SourceVersion "1"]
[SourceVersionDate "2022.01.31"]
[SourceQuality "1"]

1. Nf3 d5 2. e3 Nf6 3. b3 Bg4 4. Bb2 e6 5. d4 c5 6. Be2 cxd4 7. Nxd4 Bxe2 8. Qxe2 Nbd7 9. O-O Be7 10. Nd2 O-O 11. c4 Rc8 12. Rfd1 Qc7 13. Rac1 Qb8 14. h3 a6 15. N2f3 dxc4 16. Rxc4 Rxc4 17. Qxc4 Rc8 18. Qe2 h6 19. e4 Nc5 20. e5 Nd5 21. Nf5 exf5 22. Rxd5 Ne6 23. Rd7 Rc7 24. Qd3 g6 25. Rxc7 Qxc7 26. g3 Qc6 27. h4 h5 28. Nd2 Bc5 29. Nc4 f4 30. Nd6 fxg3 31. Qxg3 Qd5 32. Ne8 Qd2 33. Nf6+ Kh8 34. Bc3 Bxf2+ 35. Qxf2 Qxc3 36. Nd7 Kg8 37. Nf6+ Kg7 38. Ne8+ Kg8 39. Nd6 Qc1+ 40. Kg2 Nf4+ 41. Kh2 b5 42. Kg3 g5 43. hxg5 h4+ 44. Kg4 Qd1+ 45. Kxf4 h3 46. Kg3 Qd3+ 47. Kh2 1-0

[Event "Titled Tuesday intern op 21st Dec"]
[Site "Chess.com INT"]
[Date "2021.12.21"]
[Round "8"]
[White "Sadhwani, Raunak"]
[Black "Maly, Alexey"]
[Result "1-0"]
[WhiteElo "2616"]
[BlackElo "2368"]
[PlyCount "137"]
[EventDate "2021.12.21"]
[EventType "swiss (blitz)"]
[EventRounds "11"]
[EventCountry "USA"]
[SourceTitle "CBM 205 Extra"]
[Source "ChessBase"]
[SourceDate "2022.01.31"]
[SourceVersion "1"]
[SourceVersionDate "2022.01.31"]
[SourceQuality "1"]

1. c4 c5 2. Nf3 Nc6 3. Nc3 g6 4. e3 Nf6 5. d4 cxd4 6. exd4 d5 7. cxd5 Nxd5 8. Qb3 Nxc3 9. Bc4 e6 10. bxc3 Bg7 11. Ba3 Bf8 12. O-O Bxa3 13. Qxa3 Qe7 14. Qc1 O-O 15. Qh6 Qf6 16. Ng5 Qg7 17. Qh4 b6 18. d5 Na5 19. dxe6 Nxc4 20. exf7+ Kh8 21. Qxc4 h6 22. Ne6 Bxe6 23. Qxe6 Rxf7 24. Rad1 Raf8 25. Rd6 Kh7 26. Qe4 Rf4 27. Qd3 R8f6 28. Rd7 Rf7 29. Rd6 R7f6 30. Rd4 Rxd4 31. cxd4 Qd7 32. d5 Rd6 33. Rd1 b5 34. h4 h5 35. g3 a5 36. Qe4 b4 37. Rd2 Qd8 38. Qe5 Qd7 39. Qd4 Qd8 40. Qc5 Kg7 41. Rd3 Kh7 42. Qa7+ Rd7 43. Qd4 Rd6 44. Qe4 Rd7 45. Rf3 Re7 46. Qd4 Qd6 47. Kg2 Rd7 48. Rd3 a4 49. Qc4 Rc7 50. Qb5 a3 51. Rf3 Rd7 52. Rd3 Rc7 53. Re3 Rd7 54. Kg1 Kg7 55. Re6 Qc7 56. Qd3 Qc1+ 57. Kg2 Qh6 58. Qd4+ Kh7 59. Qxb4 Qg7 60. Qxa3 Rf7 61. Qd3 Rf5 62. d6 Qb2 63. Re7+ Kh6 64. Qe3+ g5 65. hxg5+ Kg6 66. d7 Qb7+ 67. Kh2 Qc7 68. Qe6+ Kxg5 69. Rg7# 1-0